LEADER 01382cam0 2200301 450 001 E600200018694 005 20210422104137.0 100 $a20060609d1970 |||||ita|0103 ba 101 $aita 102 $aIT 200 1 $aFilosofia e pedagogia nella storia della civiltà. vol I, Periodo antico e medievale. vol II, Dal rinascimento al secolo XVIII. Vol III, Ottocento e Novecento.$fLudovico Geymonat$gRenato Tisato 210 $aMilano$cGarzanti$d1970 215 $a3 vol$d22 cm 700 1$aGeymonat$b, Ludovico$3AF00005939$4070$08631 701 1$aTisato, Renato$3A600200036639$4070$061059 801 0$aIT$bUNISOB$c20210422$gRICA 850 $aUNISOB 852 $aUNISOB$j370$m12247 852 $aUNISOB$j370$m12248 852 $aUNISOB$j370$m12249 912 $aE600200018694 940 $aM 102 Monografia moderna SBN 941 $aM 957 $a370$b000283$i-1$gSi$d12247$racquisto$1pregresso1$2UNISOB$3UNISOB$420060609122732.0$520190514131824.0$6bethb 957 $a370$b000283$i-2$gSI$d12248$1bethb$2UNISOB$3UNISOB$420190514131835.0$520190514131900.0$6bethb 957 $a370$b000283$i-3$gSI$d12249$1bethb$2UNISOB$3UNISOB$420190514131911.0$520190514131929.0$6bethb 996 $aFilosofia e pedagogia nella storia della civiltà. vol I, Periodo antico e medievale. vol II, Dal rinascimento al secolo XVIII. Vol III, Ottocento e Novecento$91689483 997 $aUNISOB